Fortune 500 Top 25 Quiz Stats

 Plays Quiz not verified by Sporcle

Challenge
Share
Tweet
Embed
Score 0/25 Timer 05:00
0 Plays Today
Industry Company % Correct
Motor VehicleGeneral Motors'
88.4%
RetailWal-Mart
87%
Motor VehicleFord Motor
87%
TechnologyApple
78.3%
Telecom ServicesAT&T'
76.8%
EnergyExxon Mobil'
75.4%
ManufacturingGeneral Electric
73.9%
Telecom ServicesVerizon Communications
68.1%
FinancialBank of America Corporation
58%
FinancialJ.P. Morgan Chase & Company
50.7%
FinancialCitigroup
47.8%
TechnologyInternational Business Machines
46.4%
EnergyChevron
43.5%
Industry Company % Correct
TechnologyHewlett-Packard
30.4%
FinancialBerkshire Hathaway
24.6%
Mortgage InvestmentFannie Mae
24.6%
RetailCostco Wholesale
23.2%
EnergyConocoPhillips
18.8%
HealthcareUnited Health Group
17.4%
FinancialFreddie Mac
14.5%
EnergyValero Energy
13%
RetailCVS Caremark
13%
RetailKroger
10.1%
ServicesMcKesson
4.3%
HealthcareCardinal Health
4.3%

You're not logged in!

Compare scores with friends on all Sporcle quizzes.
OR
Log In

You Might Also Like...

Show Comments

Extras

Top Quizzes Today


Score Distribution

Your Account Isn't Verified!

In order to create a playlist on Sporcle, you need to verify the email address you used during registration. Go to your Sporcle Settings to finish the process.

Report this User

Report this user for behavior that violates our Community Guidelines.

Details: